000 00815nam a22002537a 4500
001 00796
003 DO-SdBNP
005 20180202111920.0
007 00796
008 160721b 1962 sp||||| |||| 00| 0 spa d
040 _aBPMSU
_bspa
_cBPMSU
092 _axxxxxxx
_bxxxxxxx
100 1 _aAymé, Marcel
245 1 _aAventuras de Delphine y Marinette
_cMarcel Aymé ; ilustraciones Cesca Jaume ; traducción Esther Tusquets
_bla pata del gato, las vacas, el problema
260 _aBarcelona :
_bLumen,
_c1962.
300 _a108 p. :
_c19 cm.
_bil.
490 0 _aGrandes autores para niños
_v10
700 1 _aTusquets, Esther,
_etr.
700 1 _aJaume, Cesca
_eil.
830 0 _aGrandes autores para niños
_n10
942 _2ddc
_cBK
945 _aInventariado, 2018/ YL
956 _aBTAVÁREZ
_b10
_c20162107
_d00796
999 _c11001
_d11001